000 01123cam a22003254a 4500
001 13797165
003 OSt
005 20150408114149.0
008 041123s2005 njua b 001 0 eng
010 _a 2004063719
020 _a1401879977
020 _a9780471679912
040 _aDLC
_cDLC
_dDLC
042 _apcc
050 0 0 _aRJ505.A7
_bR8 2005
082 0 0 _a618.92891656
_222
_bRJC
100 1 _aRubin, Judith Aron.
_939289
245 1 0 _aChild art therapy :
_b25th anniversary edition /
_cJudith Aron Rubin.
250 _a3rd ed.
260 _aHoboken, NJ :
_bJohn Wiley,
_cc2005.
300 _axlii, 422 p. :
_bill. ;
_c24 cm. +
_e1 CD-ROM (4 3/4 in.)
504 _aIncludes bibliographical references (p. 389-418) and index.
650 0 _aArt therapy for children.
_938504
650 0 _aChild psychotherapy.
_938732
650 0 _aFamily psychotherapy.
_939290
650 0 _aArt
_xStudy and teaching (Primary)
_939291
906 _a7
_bcbc
_corignew
_d1
_eocip
_f20
_gy-gencatlg
942 _2ddc
_cBOOK
999 _c31832
_d266332